| 000 | 00561nam a22001937a 4500 | ||
|---|---|---|---|
| 003 | OSt | ||
| 005 | 20260421020003.0 | ||
| 008 | 260306b |||||||| |||| 00| 0 eng d | ||
| 020 | _a9789360824938 | ||
| 040 |
_bEnglish _cCentral Library IIT Goa |
||
| 082 |
_a808.042 _bDIV |
||
| 100 |
_aDivyakirti, Vikas _eauthor _93766 |
||
| 245 |
_aNibandh-Drishti / _cVikas Divyakirti & Nishant Jain |
||
| 260 |
_aDelhi : _bVDK Publication Pvt. Ltd. , _c2025 |
||
| 300 | _a541p. | ||
| 650 |
_aHindi essays _93345 |
||
| 700 |
_aJain, Nishant _eauthor _93767 |
||
| 942 |
_2ddc _cBK _02 |
||
| 999 |
_c1908 _d1908 |
||